Brawl Stars: Tanks - Statistics

General Stats
  • This quiz has been taken 13 times
  • The average score is 9 of 14
Answer Stats
Answer % Correct
Frank
100%
Bull
77%
Darryl
69%
El Primo
69%
Buster
62%
Jacky
62%
Meg
62%
Rosa
62%
Ash
54%
Draco
54%
Trunk
54%
Bibi
46%
Hank
46%
Ollie
38%
No matching quizzes found
Score Distribution
Percent of People with Each Score
Percentile by Number Answered
Your Score History
You have not taken this quiz